000
00242nam a2200097Ia 4500
001
1206920
005
20250827022815.0
008
250824s9999 xx 000 0 und d
245
0
_a
KÜRT MESELESİ
_c
KAZIM KARABEKİR
260
_b
EMRE YAYINLARI
999
_c
1206920
_d
1206920